Metody úročení bankovních produktů českých bank

Pri základných znalostiach z oblasti bankových produktov obvykle absentuje finančná gramotnosť k výpočítaniu úrokov. Prehľad a prínosy jednotlivých metód výpočtu úrokových sadzieb a spôsoby výpočtu úroku v bankách v Českej republike.

Gespeichert in:
Bibliographische Detailangaben
1. Verfasser: Kovář, Pavel
Format: Buchkapitel
Sprache:Tschechisch
Schlagworte:
Tags: Tag hinzufügen
Keine Tags, Fügen Sie das erste Tag hinzu!

MARC

LEADER 00000nla a2200000 4500
001 0214886
005 20240417075106.0
041 0 |a cze 
044 |a CZ 
245 1 0 |a Metody úročení bankovních produktů českých bank  |c Pavel Kovář 
520 |a Pri základných znalostiach z oblasti bankových produktov obvykle absentuje finančná gramotnosť k výpočítaniu úrokov. Prehľad a prínosy jednotlivých metód výpočtu úrokových sadzieb a spôsoby výpočtu úroku v bankách v Českej republike. 
610 2 0 |a Česko 
610 2 0 |a politika úverová 
610 2 0 |a úver bankový 
610 2 0 |a úrok 
610 2 0 |a sadzby úrokové 
610 2 0 |a rozpätie úverové 
610 2 0 |a úverovanie 
610 2 0 |a gramotnosť finančná 
610 2 0 |a služby finančné 
100 1 |a Kovář, Pavel